[Event "European Individual Chess Championship 2017"]
[Site "Minsk"]
[Date "2017.06.09"]
[Round "10.1"]
[White "Matlakov, Maxim"]
[Black "Howell, David W L"]
[Result "1-0"]
[BlackElo "2684"]
[WhiteElo "2714"]
[LiveChessVersion "1.4.8"]

1. c4 {[%clk 1:27:58]} e6 {[%clk 1:27:18]} 2. Nc3 {[%clk 1:27:11]} d5
{[%clk 1:25:35]} 3. d4 {[%clk 1:27:19]} Be7 {[%clk 1:25:13]} 4. Nf3
{[%clk 1:26:37]} Nf6 {[%clk 1:25:03]} 5. Bg5 {[%clk 1:26:50]} h6 {[%clk 1:25:01]}
6. Bh4 {[%clk 1:27:11]} O-O {[%clk 1:24:56]} 7. e3 {[%clk 1:27:32]} Ne4
{[%clk 1:24:44]} 8. Bxe7 {[%clk 1:22:37]} Qxe7 {[%clk 1:25:07]} 9. Rc1
{[%clk 1:23:02]} c6 {[%clk 1:25:23]} 10. g4 {[%clk 1:22:36]} Nd7 {[%clk 0:54:40]}
11. h4 {[%clk 1:22:12]} e5 {[%clk 0:41:23]} 12. cxd5 {[%clk 1:20:57]} Nxc3
{[%clk 0:39:24]} 13. Rxc3 {[%clk 1:17:06]} cxd5 {[%clk 0:36:23]} 14. g5
{[%clk 1:17:22]} e4 {[%clk 0:28:41]} 15. Nd2 {[%clk 1:16:36]} hxg5
{[%clk 0:24:12]} 16. Qh5 {[%clk 1:16:40]} g6 {[%clk 0:20:47]} 17. Qxg5
{[%clk 1:12:56]} Qxg5 {[%clk 0:21:10]} 18. hxg5 {[%clk 1:13:20]} Rd8
{[%clk 0:14:43]} 19. f3 {[%clk 0:42:22]} exf3 {[%clk 0:15:11]} 20. Nxf3
{[%clk 0:42:33]} Nf8 {[%clk 0:15:40]} 21. Bd3 {[%clk 0:27:48]} Be6
{[%clk 0:15:01]} 22. Kd2 {[%clk 0:27:32]} Rac8 {[%clk 0:14:50]} 23. Rhc1
{[%clk 0:27:04]} Nh7 {[%clk 0:11:51]} 24. a4 {[%clk 0:25:21]} Rxc3
{[%clk 0:04:39]} 25. bxc3 {[%clk 0:24:47]} Bg4 {[%clk 0:04:27]} 26. Ne5
{[%clk 0:24:25]} Be6 {[%clk 0:04:50]} 27. Rg1 {[%clk 0:24:14]} Kf8
{[%clk 0:03:06]} 28. e4 {[%clk 0:23:49]} b6 {[%clk 0:00:53]} 29. Ke3
{[%clk 0:21:35]} dxe4 {[%clk 0:00:36]} 30. Bxe4 {[%clk 0:21:59]} Bb3
{[%clk 0:00:36]} 31. Bc6 {[%clk 0:21:24]} Bd5 {[%clk 0:00:32]} 32. c4
{[%clk 0:21:10]} Bxc6 {[%clk 0:00:32]} 33. Nxc6 {[%clk 0:21:35]} Re8+
{[%clk 0:00:32]} 34. Kd3 {[%clk 0:21:37]} a5 {[%clk 0:00:31]} 35. d5
{[%clk 0:19:33]} Kg7 {[%clk 0:00:59]} 36. Kd4 {[%clk 0:18:17]} Re2
{[%clk 0:00:39]} 37. Ne5 {[%clk 0:17:56]} Rd2+ {[%clk 0:00:34]} 38. Kc3
{[%clk 0:17:31]} Re2 {[%clk 0:00:42]} 39. Nd7 {[%clk 0:17:42]} Re3+
{[%clk 0:00:47]} 40. Kd4 {[%clk 0:47:39]} Rb3 {[%clk 0:31:16]} 41. d6
{[%clk 0:46:54]} Rb2 {[%clk 0:17:15]} 42. Kd5 {[%clk 0:46:39]} Rd2+
{[%clk 0:16:55]} 43. Kc6 {[%clk 0:46:58]} Rd4 {[%clk 0:17:11]} 44. Nxb6
{[%clk 0:46:27]} Nf8 {[%clk 0:17:35]} 45. c5 {[%clk 0:46:02]} Ne6
{[%clk 0:17:58]} 46. Re1 {[%clk 0:45:49]} Kf8 {[%clk 0:17:19]} 47. Rxe6
{[%clk 0:45:11]} fxe6 {[%clk 0:17:42]} 48. Kd7 {[%clk 0:45:34]} 1-0

[Event "European Individual Chess Championship 2017"]
[Site "Minsk"]
[Date "2017.06.09"]
[Round "10.2"]
[White "Demchenko, Anton"]
[Black "Jobava, Baadur"]
[Result "0-1"]
[BlackElo "2713"]
[WhiteElo "2629"]
[LiveChessVersion "1.4.8"]

1. e4 {[%clk 1:30:57]} d6 {[%clk 1:26:06]} 2. d4 {[%clk 1:31:12]} Nf6
{[%clk 1:26:29]} 3. Nc3 {[%clk 1:31:35]} e5 {[%clk 1:26:54]} 4. Nf3
{[%clk 1:31:54]} Nbd7 {[%clk 1:27:19]} 5. Bc4 {[%clk 1:31:58]} Be7
{[%clk 1:27:44]} 6. a4 {[%clk 1:32:12]} O-O {[%clk 1:28:08]} 7. O-O
{[%clk 1:32:34]} a5 {[%clk 1:26:46]} 8. Qe2 {[%clk 1:32:35]} c6 {[%clk 1:26:20]}
9. Rd1 {[%clk 1:32:15]} Qc7 {[%clk 1:26:45]} 10. Ba2 {[%clk 1:31:40]} exd4
{[%clk 1:18:03]} 11. Nxd4 {[%clk 1:26:36]} Re8 {[%clk 1:17:18]} 12. Bf4
{[%clk 1:03:54]} Ne5 {[%clk 1:14:19]} 13. h3 {[%clk 1:02:37]} Bf8
{[%clk 1:11:32]} 14. Bg5 {[%clk 1:00:26]} Qe7 {[%clk 1:09:23]} 15. f4
{[%clk 0:52:12]} Ng6 {[%clk 1:09:49]} 16. f5 {[%clk 0:44:23]} Ne5
{[%clk 1:09:13]} 17. Kh1 {[%clk 0:32:24]} b6 {[%clk 0:59:06]} 18. Nf3
{[%clk 0:29:26]} h6 {[%clk 0:49:19]} 19. Bh4 {[%clk 0:28:28]} g5 {[%clk 0:46:52]}
20. fxg6 {[%clk 0:26:39]} Nxg6 {[%clk 0:47:18]} 21. Qf2 {[%clk 0:22:55]} Nxh4
{[%clk 0:43:00]} 22. Nxh4 {[%clk 0:23:13]} Bg7 {[%clk 0:43:02]} 23. Rf1
{[%clk 0:18:36]} Ra7 {[%clk 0:41:22]} 24. Rae1 {[%clk 0:14:20]} Qd8
{[%clk 0:40:11]} 25. Rd1 {[%clk 0:11:27]} Re5 {[%clk 0:37:35]} 26. Qf4
{[%clk 0:09:50]} Qc7 {[%clk 0:25:48]} 27. Nf3 {[%clk 0:08:09]} Rc5
{[%clk 0:18:04]} 28. Rxd6 {[%clk 0:05:18]} Ne8 {[%clk 0:14:47]} 29. e5
{[%clk 0:05:43]} Nxd6 {[%clk 0:13:33]} 30. exd6 {[%clk 0:06:12]} Qd8
{[%clk 0:13:56]} 31. Nh4 {[%clk 0:04:12]} Be5 {[%clk 0:06:28]} 32. Qf2
{[%clk 0:03:07]} Bxc3 {[%clk 0:06:32]} 33. bxc3 {[%clk 0:02:29]} Qxd6
{[%clk 0:06:22]} 34. Bxf7+ {[%clk 0:02:14]} Kg7 {[%clk 0:06:50]} 35. Bb3
{[%clk 0:02:00]} Rb7 {[%clk 0:04:11]} 36. Qf3 {[%clk 0:01:29]} b5
{[%clk 0:01:57]} 37. Rd1 {[%clk 0:01:06]} Qf6 {[%clk 0:01:57]} 38. Qg3+
{[%clk 0:00:38]} Rg5 {[%clk 0:02:11]} 39. Qe3 {[%clk 0:00:36]} bxa4
{[%clk 0:02:07]} 40. Bxa4 {[%clk 0:30:32]} Re7 {[%clk 0:32:30]} 41. Qg1
{[%clk 0:23:23]} Bxh3 {[%clk 0:22:43]} 42. Rf1 {[%clk 0:23:04]} Bf5
{[%clk 0:22:18]} 0-1

[Event "European Individual Chess Championship 2017"]
[Site "Minsk"]
[Date "2017.06.09"]
[Round "10.3"]
[White "Mikaelyan, Arman"]
[Black "Navara, David"]
[Result "0-1"]
[BlackElo "2739"]
[WhiteElo "2444"]
[LiveChessVersion "1.4.8"]

1. d4 {[%clk 1:30:55]} Nf6 {[%clk 1:30:56]} 2. Nf3 {[%clk 1:31:20]} e6
{[%clk 1:31:22]} 3. c4 {[%clk 1:31:44]} Bb4+ {[%clk 1:31:47]} 4. Bd2
{[%clk 1:31:55]} c5 {[%clk 1:32:12]} 5. Bxb4 {[%clk 1:31:37]} cxb4
{[%clk 1:32:35]} 6. g3 {[%clk 1:31:04]} O-O {[%clk 1:32:26]} 7. Bg2
{[%clk 1:31:29]} d6 {[%clk 1:31:05]} 8. O-O {[%clk 1:31:21]} a5 {[%clk 1:31:18]}
9. a3 {[%clk 1:22:15]} Na6 {[%clk 1:31:33]} 10. Qd3 {[%clk 1:19:24]} Qc7
{[%clk 1:30:15]} 11. Nbd2 {[%clk 1:19:17]} h6 {[%clk 1:25:20]} 12. Ne1
{[%clk 1:13:58]} bxa3 {[%clk 1:22:13]} 13. bxa3 {[%clk 1:09:17]} e5
{[%clk 1:22:01]} 14. Nc2 {[%clk 1:08:49]} Bd7 {[%clk 1:19:41]} 15. Rab1
{[%clk 1:04:41]} Bc6 {[%clk 1:15:40]} 16. Bxc6 {[%clk 1:00:13]} bxc6
{[%clk 1:15:58]} 17. c5 {[%clk 0:55:54]} d5 {[%clk 1:05:40]} 18. Rb6
{[%clk 0:50:06]} Nb8 {[%clk 0:55:07]} 19. Rfb1 {[%clk 0:44:47]} Nbd7
{[%clk 0:55:23]} 20. Rb7 {[%clk 0:45:13]} Qc8 {[%clk 0:55:39]} 21. e4
{[%clk 0:27:43]} Re8 {[%clk 0:54:27]} 22. exd5 {[%clk 0:22:33]} cxd5
{[%clk 0:54:31]} 23. Qb5 {[%clk 0:19:01]} exd4 {[%clk 0:54:46]} 24. c6
{[%clk 0:19:09]} Ne5 {[%clk 0:55:10]} 25. Nxd4 {[%clk 0:19:26]} Qg4
{[%clk 0:55:03]} 26. Qb6 {[%clk 0:16:48]} Ne4 {[%clk 0:43:32]} 27. f3
{[%clk 0:11:04]} Qg5 {[%clk 0:43:48]} 28. f4 {[%clk 0:07:09]} Qh5
{[%clk 0:44:10]} 29. Nxe4 {[%clk 0:06:26]} Ng4 {[%clk 0:44:34]} 30. Nf6+
{[%clk 0:06:03]} Nxf6 {[%clk 0:41:31]} 31. c7 {[%clk 0:06:32]} Ng4
{[%clk 0:40:23]} 32. Qb2 {[%clk 0:03:42]} Rac8 {[%clk 0:38:58]} 33. Rb8
{[%clk 0:02:56]} Qg6 {[%clk 0:39:15]} 34. Rxc8 {[%clk 0:02:35]} Rxc8
{[%clk 0:39:41]} 35. Rc1 {[%clk 0:01:15]} Qf6 {[%clk 0:35:49]} 36. h3
{[%clk 0:01:24]} Ne3 {[%clk 0:36:15]} 37. Rc6 {[%clk 0:01:14]} Qe7
{[%clk 0:36:41]} 38. Qb7 {[%clk 0:01:13]} Qe8 {[%clk 0:34:32]} 39. Qxc8
{[%clk 0:00:36]} Qxc8 {[%clk 0:34:55]} 40. Nb5 {[%clk 0:30:51]} Kh7
{[%clk 1:05:17]} 41. g4 {[%clk 0:08:56]} d4 {[%clk 0:53:00]} 42. Kf2
{[%clk 0:08:35]} Nd1+ {[%clk 0:51:42]} 43. Kf1 {[%clk 0:02:56]} d3
{[%clk 0:51:31]} 44. Na7 {[%clk 0:01:16]} Qe8 {[%clk 0:51:29]} 45. c8=Q
{[%clk 0:01:42]} Qe2+ {[%clk 0:51:54]} 46. Kg1 {[%clk 0:02:10]} Qf2+
{[%clk 0:51:04]} 47. Kh1 {[%clk 0:02:38]} Qf3+ {[%clk 0:51:25]} 48. Kh2
{[%clk 0:02:56]} Qxf4+ {[%clk 0:51:14]} 49. Kh1 {[%clk 0:02:27]} Qf3+
{[%clk 0:51:39]} 50. Kh2 {[%clk 0:02:54]} Ne3 {[%clk 0:52:03]} 51. Rxh6+
{[%clk 0:03:16]} gxh6 {[%clk 0:52:27]} 0-1

[Event "European Individual Chess Championship 2017"]
[Site "Minsk"]
[Date "2017.06.09"]
[Round "10.4"]
[White "Dubov, Daniil"]
[Black "Rodshtein, Maxim"]
[Result "1/2-1/2"]
[BlackElo "2698"]
[WhiteElo "2660"]
[LiveChessVersion "1.4.8"]

1. e4 {[%clk 1:30:50]} e5 {[%clk 1:30:40]} 2. Nf3 {[%clk 1:31:14]} Nc6
{[%clk 1:31:05]} 3. Bb5 {[%clk 1:31:39]} Nf6 {[%clk 1:31:12]} 4. O-O
{[%clk 1:32:02]} Nxe4 {[%clk 1:31:31]} 5. d4 {[%clk 1:32:24]} Nd6
{[%clk 1:31:54]} 6. dxe5 {[%clk 1:32:46]} Nxb5 {[%clk 1:32:05]} 7. a4
{[%clk 1:33:11]} Nbd4 {[%clk 1:31:59]} 8. Nxd4 {[%clk 1:33:35]} Nxd4
{[%clk 1:30:09]} 9. Qxd4 {[%clk 1:33:59]} d5 {[%clk 1:30:32]} 10. Nc3
{[%clk 1:34:14]} Be6 {[%clk 1:23:01]} 11. Qd3 {[%clk 1:34:38]} Qd7
{[%clk 1:17:31]} 12. Qg3 {[%clk 1:34:36]} c6 {[%clk 0:53:11]} 13. Ne2
{[%clk 1:29:28]} h6 {[%clk 0:43:51]} 14. Be3 {[%clk 1:27:46]} g6 {[%clk 0:33:06]}
15. Rfd1 {[%clk 1:12:51]} c5 {[%clk 0:26:28]} 16. c3 {[%clk 1:11:57]} Be7
{[%clk 0:22:07]} 17. Nf4 {[%clk 1:06:45]} Rd8 {[%clk 0:21:19]} 18. b4
{[%clk 1:00:59]} b6 {[%clk 0:20:23]} 19. a5 {[%clk 0:53:18]} g5 {[%clk 0:19:45]}
20. Nh5 {[%clk 0:50:34]} Kf8 {[%clk 0:17:46]} 21. axb6 {[%clk 0:49:18]} axb6
{[%clk 0:18:10]} 22. bxc5 {[%clk 0:45:24]} bxc5 {[%clk 0:18:11]} 23. h3
{[%clk 0:40:20]} Qc6 {[%clk 0:16:46]} 24. Ra7 {[%clk 0:37:06]} Ra8
{[%clk 0:14:58]} 25. Rda1 {[%clk 0:35:47]} Rxa7 {[%clk 0:15:23]} 26. Rxa7
{[%clk 0:36:09]} Rg8 {[%clk 0:14:09]} 27. Qf3 {[%clk 0:33:12]} Rg6
{[%clk 0:12:58]} 28. Qd1 {[%clk 0:31:22]} Bd7 {[%clk 0:05:01]} 29. Qb1
{[%clk 0:29:33]} Be8 {[%clk 0:05:19]} 30. Ng3 {[%clk 0:27:01]} Bd8
{[%clk 0:03:09]} 31. Qb8 {[%clk 0:26:40]} Bb6 {[%clk 0:03:23]} 32. Rb7
{[%clk 0:25:11]} d4 {[%clk 0:02:21]} 33. cxd4 {[%clk 0:22:05]} cxd4
{[%clk 0:02:47]} 34. Bd2 {[%clk 0:22:32]} Re6 {[%clk 0:02:51]} 35. Bb4+
{[%clk 0:07:23]} Kg8 {[%clk 0:02:18]} 36. Kh2 {[%clk 0:07:15]} d3
{[%clk 0:02:01]} 37. Nf5 {[%clk 0:06:41]} Qe4 {[%clk 0:01:43]} 38. Nxh6+
{[%clk 0:05:44]} Kh7 {[%clk 0:01:52]} 39. Rxb6 {[%clk 0:01:38]} 1/2-1/2

[Event "European Individual Chess Championship 2017"]
[Site "Minsk"]
[Date "2017.06.09"]
[Round "10.5"]
[White "Tomashevsky, Evgeny"]
[Black "Sutovsky, Emil"]
[Result "1/2-1/2"]
[BlackElo "2646"]
[WhiteElo "2696"]
[LiveChessVersion "1.4.8"]

1. Nf3 {[%clk 1:30:50]} c5 {[%clk 1:30:38]} 2. c4 {[%clk 1:30:49]} Nf6
{[%clk 1:30:49]} 3. Nc3 {[%clk 1:30:47]} d5 {[%clk 1:30:53]} 4. cxd5
{[%clk 1:30:26]} Nxd5 {[%clk 1:31:16]} 5. g3 {[%clk 1:30:49]} Nc6
{[%clk 1:30:37]} 6. Bg2 {[%clk 1:31:05]} g6 {[%clk 1:31:01]} 7. O-O
{[%clk 1:25:20]} Bg7 {[%clk 1:31:08]} 8. Nxd5 {[%clk 1:23:22]} Qxd5
{[%clk 1:31:23]} 9. d3 {[%clk 1:23:44]} O-O {[%clk 1:31:02]} 10. Be3
{[%clk 1:22:37]} Bd7 {[%clk 1:29:55]} 11. Nd4 {[%clk 1:21:39]} Qd6
{[%clk 1:29:41]} 12. Nxc6 {[%clk 1:21:32]} Bxc6 {[%clk 1:28:42]} 13. Bxc6
{[%clk 1:21:56]} Qxc6 {[%clk 1:29:06]} 14. Rc1 {[%clk 1:22:20]} Qa6
{[%clk 1:27:13]} 15. Qb3 {[%clk 1:17:35]} b6 {[%clk 1:26:42]} 16. Rc4
{[%clk 1:17:38]} Rfd8 {[%clk 1:24:39]} 17. Rfc1 {[%clk 1:15:51]} Rd7
{[%clk 1:22:59]} 18. a3 {[%clk 1:14:23]} Rad8 {[%clk 1:21:29]} 19. Qc2
{[%clk 1:13:45]} Bd4 {[%clk 1:20:03]} 20. Bxd4 {[%clk 1:07:20]} Rxd4
{[%clk 1:20:03]} 21. Qc3 {[%clk 1:07:43]} 1/2-1/2

[Event "European Individual Chess Championship 2017"]
[Site "Minsk"]
[Date "2017.06.09"]
[Round "10.6"]
[White "Duda, Jan-Krzysztof"]
[Black "Romanov, Evgeny"]
[Result "1-0"]
[BlackElo "2636"]
[WhiteElo "2693"]
[LiveChessVersion "1.4.8"]

1. e4 {[%clk 1:30:56]} c5 {[%clk 1:30:17]} 2. Nf3 {[%clk 1:31:18]} e6
{[%clk 1:30:37]} 3. d4 {[%clk 1:31:27]} cxd4 {[%clk 1:30:59]} 4. Nxd4
{[%clk 1:31:50]} a6 {[%clk 1:31:24]} 5. Bd3 {[%clk 1:31:31]} Ne7 {[%clk 1:31:30]}
6. O-O {[%clk 1:28:44]} Nec6 {[%clk 1:31:06]} 7. Be3 {[%clk 1:22:16]} Nxd4
{[%clk 1:30:18]} 8. Bxd4 {[%clk 1:22:39]} Nc6 {[%clk 1:30:40]} 9. Be3
{[%clk 1:20:51]} Be7 {[%clk 1:29:15]} 10. c4 {[%clk 1:16:21]} d6 {[%clk 1:22:24]}
11. Nc3 {[%clk 1:16:17]} Bf6 {[%clk 1:22:33]} 12. Be2 {[%clk 1:13:56]} O-O
{[%clk 1:06:39]} 13. Qd2 {[%clk 1:12:51]} Qa5 {[%clk 0:39:01]} 14. Rfd1
{[%clk 1:09:19]} Rd8 {[%clk 0:38:48]} 15. a3 {[%clk 1:08:27]} Bd7
{[%clk 0:30:55]} 16. b4 {[%clk 1:05:33]} Qc7 {[%clk 0:31:20]} 17. Rac1
{[%clk 1:05:33]} Be8 {[%clk 0:31:43]} 18. f4 {[%clk 1:01:12]} Rac8
{[%clk 0:29:53]} 19. Bf1 {[%clk 0:50:02]} Nb8 {[%clk 0:30:12]} 20. Qf2
{[%clk 0:48:39]} Nd7 {[%clk 0:30:27]} 21. Na4 {[%clk 0:48:02]} Qc6
{[%clk 0:21:56]} 22. Nb6 {[%clk 0:45:04]} Nxb6 {[%clk 0:22:05]} 23. Bxb6
{[%clk 0:44:39]} Rd7 {[%clk 0:21:43]} 24. Qe3 {[%clk 0:37:19]} Qa4
{[%clk 0:18:33]} 25. Be2 {[%clk 0:31:41]} Bd8 {[%clk 0:14:07]} 26. Bxd8
{[%clk 0:27:06]} Rdxd8 {[%clk 0:12:41]} 27. f5 {[%clk 0:27:20]} exf5
{[%clk 0:09:01]} 28. exf5 {[%clk 0:26:29]} f6 {[%clk 0:09:19]} 29. Rd4
{[%clk 0:26:05]} Bf7 {[%clk 0:07:38]} 30. Rc3 {[%clk 0:22:35]} Qe8
{[%clk 0:05:14]} 31. Qxe8+ {[%clk 0:16:49]} Rxe8 {[%clk 0:05:43]} 32. Bf3
{[%clk 0:16:48]} b5 {[%clk 0:04:19]} 33. Rxd6 {[%clk 0:12:59]} Bxc4
{[%clk 0:03:51]} 34. Rxa6 {[%clk 0:12:22]} Rcd8 {[%clk 0:02:38]} 35. Ra7
{[%clk 0:08:27]} Re5 {[%clk 0:01:15]} 36. a4 {[%clk 0:07:17]} Rxf5
{[%clk 0:01:30]} 37. Rc1 {[%clk 0:06:35]} Re5 {[%clk 0:00:35]} 38. a5
{[%clk 0:06:45]} Rd2 {[%clk 0:00:42]} 39. Ra1 {[%clk 0:06:39]} g5
{[%clk 0:00:47]} 40. a6 {[%clk 0:34:23]} g4 {[%clk 0:31:15]} 41. Bc6
{[%clk 0:21:27]} Rf5 {[%clk 0:08:31]} 42. Rd7 {[%clk 0:19:41]} Ra2
{[%clk 0:05:44]} 43. Rdd1 {[%clk 0:19:48]} 1-0

[Event "European Individual Chess Championship 2017"]
[Site "Minsk"]
[Date "2017.06.09"]
[Round "10.7"]
[White "Shimanov, Aleksandr"]
[Black "Fedoseev, Vladimir"]
[Result "0-1"]
[BlackElo "2690"]
[WhiteElo "2642"]
[LiveChessVersion "1.4.8"]

1. d4 {[%clk 1:30:55]} d5 {[%clk 1:30:41]} 2. c4 {[%clk 1:30:53]} c6
{[%clk 1:31:00]} 3. cxd5 {[%clk 1:30:40]} cxd5 {[%clk 1:31:21]} 4. Nf3
{[%clk 1:30:06]} Nc6 {[%clk 1:24:40]} 5. Nc3 {[%clk 1:30:12]} Nf6
{[%clk 1:23:46]} 6. Bf4 {[%clk 1:30:18]} Nh5 {[%clk 1:21:27]} 7. Bd2
{[%clk 1:27:36]} g6 {[%clk 1:16:36]} 8. e3 {[%clk 1:16:45]} e6 {[%clk 1:15:40]}
9. Bb5 {[%clk 1:10:55]} Bd7 {[%clk 1:14:39]} 10. Ne5 {[%clk 1:05:19]} Nxe5
{[%clk 1:14:33]} 11. dxe5 {[%clk 1:05:46]} Bxb5 {[%clk 1:06:07]} 12. Nxb5
{[%clk 1:06:10]} a6 {[%clk 1:04:56]} 13. Nd4 {[%clk 1:05:39]} Bc5
{[%clk 1:04:38]} 14. Nb3 {[%clk 0:58:19]} Be7 {[%clk 1:03:26]} 15. O-O
{[%clk 0:55:47]} O-O {[%clk 1:02:06]} 16. Rc1 {[%clk 0:53:24]} Qd7
{[%clk 1:00:14]} 17. Ba5 {[%clk 0:32:03]} Rac8 {[%clk 0:59:36]} 18. Qd4
{[%clk 0:31:57]} Ng7 {[%clk 0:53:42]} 19. g4 {[%clk 0:26:12]} f5 {[%clk 0:54:01]}
20. h3 {[%clk 0:25:39]} Qb5 {[%clk 0:47:31]} 21. Qb6 {[%clk 0:23:12]} Rc4
{[%clk 0:44:26]} 22. Qxb5 {[%clk 0:15:31]} axb5 {[%clk 0:44:47]} 23. f3
{[%clk 0:14:35]} h5 {[%clk 0:38:41]} 24. gxh5 {[%clk 0:14:46]} Nxh5
{[%clk 0:37:54]} 25. Nd4 {[%clk 0:07:08]} Ra8 {[%clk 0:31:45]} 26. Rxc4
{[%clk 0:03:33]} bxc4 {[%clk 0:31:37]} 27. Bc3 {[%clk 0:03:49]} Kf7
{[%clk 0:26:49]} 28. a3 {[%clk 0:04:03]} Ng3 {[%clk 0:20:24]} 29. Re1
{[%clk 0:03:54]} Bc5 {[%clk 0:18:02]} 30. Kg2 {[%clk 0:03:50]} f4
{[%clk 0:17:32]} 31. exf4 {[%clk 0:03:20]} Nf5 {[%clk 0:14:48]} 32. Nxf5
{[%clk 0:03:01]} gxf5 {[%clk 0:15:09]} 33. Rd1 {[%clk 0:01:57]} Rg8+
{[%clk 0:13:48]} 34. Kh2 {[%clk 0:02:11]} b5 {[%clk 0:13:48]} 35. Bd4
{[%clk 0:00:51]} Bxd4 {[%clk 0:07:45]} 36. Rxd4 {[%clk 0:01:20]} Kg6
{[%clk 0:08:08]} 37. Kg3 {[%clk 0:00:54]} Kh5+ {[%clk 0:08:32]} 38. Kf2
{[%clk 0:01:21]} Kh4 {[%clk 0:08:52]} 39. Rd1 {[%clk 0:01:29]} Rg7
{[%clk 0:08:49]} 40. Ra1 {[%clk 0:30:57]} Rg8 {[%clk 0:31:10]} 41. Rc1
{[%clk 0:23:17]} b4 {[%clk 0:27:36]} 42. axb4 {[%clk 0:10:50]} Rb8
{[%clk 0:27:49]} 43. Kg2 {[%clk 0:04:31]} Rxb4 {[%clk 0:28:07]} 44. Rc2
{[%clk 0:04:59]} Rb8 {[%clk 0:26:18]} 45. Kh2 {[%clk 0:05:25]} Rb3
{[%clk 0:26:40]} 46. Kg2 {[%clk 0:05:27]} Rd3 {[%clk 0:26:55]} 47. Re2
{[%clk 0:05:06]} Rd4 {[%clk 0:27:06]} 48. Rc2 {[%clk 0:04:59]} Rxf4
{[%clk 0:27:00]} 49. Rc3 {[%clk 0:05:21]} Rd4 {[%clk 0:26:23]} 50. b3
{[%clk 0:05:41]} f4 {[%clk 0:26:21]} 51. bxc4 {[%clk 0:03:18]} Rxc4
{[%clk 0:26:45]} 52. Ra3 {[%clk 0:03:40]} Rc2+ {[%clk 0:26:58]} 53. Kf1
{[%clk 0:04:07]} Kg3 {[%clk 0:26:50]} 54. h4 {[%clk 0:04:13]} Rh2
{[%clk 0:25:46]} 55. Ke1 {[%clk 0:02:57]} Rxh4 {[%clk 0:26:10]} 56. Ra6
{[%clk 0:03:18]} Kxf3 {[%clk 0:26:11]} 57. Rxe6 {[%clk 0:03:22]} Ke3
{[%clk 0:26:32]} 58. Kd1 {[%clk 0:03:26]} d4 {[%clk 0:26:36]} 59. Kc2
{[%clk 0:03:20]} Rh7 {[%clk 0:26:59]} 60. Rd6 {[%clk 0:01:01]} f3
{[%clk 0:27:22]} 0-1

[Event "European Individual Chess Championship 2017"]
[Site "Minsk"]
[Date "2017.06.09"]
[Round "10.8"]
[White "Salgado Lopez, Ivan"]
[Black "Cheparinov, Ivan"]
[Result "0-1"]
[BlackElo "2688"]
[WhiteElo "2627"]
[LiveChessVersion "1.4.8"]

1. e4 {[%clk 1:29:11]} c5 {[%clk 1:30:55]} 2. Nc3 {[%clk 1:29:33]} Nc6
{[%clk 1:31:21]} 3. Nf3 {[%clk 1:27:10]} e6 {[%clk 1:30:45]} 4. g3
{[%clk 1:25:36]} a6 {[%clk 1:28:01]} 5. Bg2 {[%clk 1:25:25]} Qc7 {[%clk 1:28:27]}
6. O-O {[%clk 1:25:10]} Nf6 {[%clk 1:28:49]} 7. Re1 {[%clk 1:24:06]} h5
{[%clk 1:25:56]} 8. d3 {[%clk 1:16:03]} d6 {[%clk 1:22:22]} 9. Bg5
{[%clk 1:12:38]} Ng4 {[%clk 1:17:49]} 10. Nh4 {[%clk 1:10:00]} b5
{[%clk 1:00:53]} 11. h3 {[%clk 1:06:28]} Nf6 {[%clk 1:01:22]} 12. Nf3
{[%clk 0:53:52]} Bb7 {[%clk 0:57:25]} 13. a4 {[%clk 0:54:05]} b4 {[%clk 0:57:33]}
14. Nb1 {[%clk 0:54:27]} Nh7 {[%clk 0:54:41]} 15. Be3 {[%clk 0:53:58]} Be7
{[%clk 0:51:41]} 16. Nbd2 {[%clk 0:50:13]} Nf8 {[%clk 0:41:08]} 17. c3
{[%clk 0:46:25]} h4 {[%clk 0:37:55]} 18. Nxh4 {[%clk 0:41:58]} Bxh4
{[%clk 0:38:19]} 19. gxh4 {[%clk 0:42:23]} e5 {[%clk 0:33:01]} 20. h5
{[%clk 0:39:33]} Ne6 {[%clk 0:32:06]} 21. Nc4 {[%clk 0:34:26]} a5
{[%clk 0:32:22]} 22. Qg4 {[%clk 0:32:41]} Ba6 {[%clk 0:30:39]} 23. Bd2
{[%clk 0:28:53]} Bxc4 {[%clk 0:26:59]} 24. dxc4 {[%clk 0:29:17]} O-O-O
{[%clk 0:26:07]} 25. Rad1 {[%clk 0:29:18]} Kb8 {[%clk 0:23:15]} 26. Be3
{[%clk 0:29:01]} g6 {[%clk 0:22:26]} 27. h6 {[%clk 0:24:10]} g5 {[%clk 0:22:28]}
28. Qh5 {[%clk 0:21:43]} Rdg8 {[%clk 0:21:38]} 29. Rd3 {[%clk 0:21:52]} Rg6
{[%clk 0:21:01]} 30. h7 {[%clk 0:21:18]} Ng7 {[%clk 0:14:00]} 31. Qf3
{[%clk 0:20:29]} Rxh7 {[%clk 0:13:29]} 32. Red1 {[%clk 0:20:27]} Nh5
{[%clk 0:05:16]} 33. Qg4 {[%clk 0:15:43]} Nf4 {[%clk 0:05:26]} 34. R3d2
{[%clk 0:15:58]} Qe7 {[%clk 0:03:10]} 35. Qf5 {[%clk 0:13:36]} Rhg7
{[%clk 0:03:39]} 36. Bf3 {[%clk 0:10:05]} Rf6 {[%clk 0:02:13]} 37. Qg4
{[%clk 0:10:28]} Rh6 {[%clk 0:01:26]} 38. Bxf4 {[%clk 0:06:45]} exf4
{[%clk 0:01:55]} 39. Rd5 {[%clk 0:07:00]} Ne5 {[%clk 0:00:48]} 40. Rxe5
{[%clk 0:37:15]} dxe5 {[%clk 0:30:45]} 41. cxb4 {[%clk 0:36:58]} axb4
{[%clk 0:26:09]} 42. Rd7 {[%clk 0:35:40]} Qe6 {[%clk 0:20:23]} 43. Qxe6
{[%clk 0:34:03]} Rxe6 {[%clk 0:20:52]} 44. Bg4 {[%clk 0:33:29]} Rc6
{[%clk 0:17:52]} 45. b3 {[%clk 0:27:46]} Rgg6 {[%clk 0:16:11]} 46. Kf1
{[%clk 0:26:03]} Rgd6 {[%clk 0:15:53]} 47. Rxd6 {[%clk 0:26:24]} Rxd6
{[%clk 0:16:20]} 48. Ke2 {[%clk 0:26:47]} f5 {[%clk 0:15:59]} 49. exf5
{[%clk 0:24:08]} e4 {[%clk 0:16:18]} 50. Bh5 {[%clk 0:24:19]} Rf6
{[%clk 0:16:08]} 51. Bg6 {[%clk 0:22:10]} Kc7 {[%clk 0:16:34]} 52. Bh7
{[%clk 0:22:34]} Kd6 {[%clk 0:16:28]} 53. Bg8 {[%clk 0:22:17]} Rxf5
{[%clk 0:16:47]} 54. a5 {[%clk 0:22:42]} Kc6 {[%clk 0:16:00]} 0-1

[Event "European Individual Chess Championship 2017"]
[Site "Minsk"]
[Date "2017.06.09"]
[Round "10.9"]
[White "Artemiev, Vladislav"]
[Black "Pashikian, Arman"]
[Result "1/2-1/2"]
[BlackElo "2603"]
[WhiteElo "2682"]
[LiveChessVersion "1.4.8"]

1. e4 {[%clk 1:30:49]} e5 {[%clk 1:25:23]} 2. Nf3 {[%clk 1:31:01]} Nc6
{[%clk 1:25:50]} 3. d4 {[%clk 1:30:52]} exd4 {[%clk 1:26:14]} 4. Nxd4
{[%clk 1:31:09]} Bc5 {[%clk 1:26:25]} 5. Be3 {[%clk 1:30:59]} Qf6
{[%clk 1:23:17]} 6. c3 {[%clk 1:31:03]} Nge7 {[%clk 1:23:32]} 7. Bb5
{[%clk 1:30:52]} Bb6 {[%clk 1:15:21]} 8. O-O {[%clk 1:30:54]} O-O
{[%clk 1:15:48]} 9. a4 {[%clk 1:30:41]} Qg6 {[%clk 1:10:01]} 10. Bd3
{[%clk 1:29:45]} d6 {[%clk 0:56:50]} 11. Kh1 {[%clk 1:28:58]} Bxd4
{[%clk 0:53:05]} 12. cxd4 {[%clk 1:24:14]} Nb4 {[%clk 0:52:50]} 13. Nc3
{[%clk 1:24:15]} Nxd3 {[%clk 0:52:03]} 14. Qxd3 {[%clk 1:24:37]} d5
{[%clk 0:52:05]} 15. f3 {[%clk 1:24:56]} c6 {[%clk 0:46:23]} 16. Qd2
{[%clk 1:21:39]} dxe4 {[%clk 0:39:28]} 17. fxe4 {[%clk 1:21:47]} Re8
{[%clk 0:39:31]} 18. Rf3 {[%clk 1:05:26]} f6 {[%clk 0:36:48]} 19. Raf1
{[%clk 1:00:50]} Qh5 {[%clk 0:36:34]} 20. Rg3 {[%clk 0:41:24]} Ng6
{[%clk 0:36:31]} 21. d5 {[%clk 0:29:06]} Qe5 {[%clk 0:35:09]} 22. Qf2
{[%clk 0:24:52]} cxd5 {[%clk 0:29:26]} 23. Bd4 {[%clk 0:19:53]} Qd6
{[%clk 0:26:59]} 24. exd5 {[%clk 0:10:44]} b6 {[%clk 0:23:18]} 25. Nb5
{[%clk 0:08:41]} Qd8 {[%clk 0:23:13]} 26. Nc3 {[%clk 0:03:21]} 1/2-1/2